000 01267cam a2200397Mi 4500
001 73214
005 20230410115425.0
008 040216s2004 fr g 001 0 fre d
035 _a(OCoLC)ocn418786736
040 _aFRBML
_bfre
_cFRBML
_dBDF
_dOCLCQ
020 _a2707142921 (Br)
020 _a9782707142924 (Br)
029 1 _aZWZ
_b078825792
035 _a(OCoLC)418786736
050 1 4 _aHD 5715.5
_bD813f 2004
082 0 0 _a331.25920944
100 1 _aDubar, Claude.
245 1 3 _aLa formation professionnelle continue /
_cClaude Dubar.
250 _a5e ed. rev.
260 _aParis :
_bLa Découverte,
_c2004.
300 _a1 vol. (122 p.) ;
_c19 cm.
490 0 _aRepáeres / Jean-Paul Piriou,
_x0993-7625 ;
_v28
500 _aIncluye bibliografía.
650 0 _aOccupational training
_zFrance.
650 0 _aVocational education
_zFrance.
650 0 _aContinuing education
_zFrance.
650 4 _aFormation professionnelle
_zFrance.
650 4 _aFormación ocupacional
_zFrancia.
650 4 _aFormación profesional
_zFrancia.
650 4 _aFormación continua
_zFrancia.
760 0 _tRepáeres
_x0993-7625
_g28
886 2 _2unimarc
_a801
_b3
_aFR
_bElectre
_c20040528
_gAFNOR
942 _2lcc
_cbk
946 _amjcruz
994 _aC0
_bDRFGD
999 _c40868
_d40868